000 00449nam a22001817a 4500
005 20230822115123.0
008 160122b xxu||||| |||| 00| 0 eng d
040 _aLoreto College
041 _aEnglish
082 _a200
_bRAH
100 _aRahner, Karl
_q Karl Rahner
245 _aDo you believe in god
_c Karl Rahner
260 _aLondon
_bNew man press
_c1969
300 _avii, 114p.
650 _aReligion
850 _aLCLIB
942 _cBK
999 _c40484
_d90963